Statystyki dla TOP 5 Największych Miast Argentyny

Kliknij tutaj aby rozwiązać quiz!

Ogólne statystyki

  • Ten quiz został rozwiązany 54 razy
  • Średni wynik to 3 z 5

Statystyki odpowiedzi

MiejscePołożenieLudnośćMiasto% Poprawnych
1.Wschodnie3 mlnBuenos Aires
98%
4.Wschodnie900 tysRosario
62%
3.Północne1 mlnCordoba
57%
5.Wschodnie600 tysLa Plata
36%
2.Wschodnie2 mlnLa Matanza
2%

Rozkład punktacji

Percentyl według liczby udzielonych odpowiedzi

Procent ludzi z każdym wynikiem

Twoja historia wyników

Nie rozwiązałeś tego quizu